| 000 | 00462nam a2200193Ia 4500 | ||
|---|---|---|---|
| 008 | 130318s9999 xx 000 0 und d | ||
| 020 | _a9788131723593 | ||
| 082 | _a005.43 NUT/O;5 | ||
| 100 | _aNutt, Gary | ||
| 245 | _aOperating systems | ||
| 250 | _a3 | ||
| 260 |
_bPearson Education _aUP _c2009 |
||
| 300 | _a806 | ||
| 650 | _aCRYPTOGRAPHY | ||
| 650 | _aOPERATING SYSTEMS | ||
| 650 | _aSOFTWARE | ||
| 700 | _aChaki, Nabendu | ||
| 700 | _aNeogy, Sarmistha | ||
| 999 |
_c2216 _d2216 |
||